000 00881cam a2200265 i 4500
999 _c61815
_d61815
001 61815
003 Mx-PuUPA
005 20191008160405.0
008 141126s2014 coub r 000 0 eng d
020 _a9780813349046
040 _aMx-PuUPA
_bspa
_cMx-PuUPA
_dMx-PuUPA
_erda
041 0 _aeng
245 1 0 _aLatin american politics and development /
_cedited by Howard J. Wiarda, Harvey F. Kline.
250 _aEighth edition.
264 1 _aColorado :
_bWestview Press,
_c©2014
300 _axv, 509 páginas :
_bmapas ;
_c23 cm.
336 _atexto
_2rdacontent
_btxt
337 _asin medio
_2rdamedia
_bn
338 _avolumen
_2rdacarrier
_bnc
650 4 _aPolítica y gobierno
_zAmérica Latina
700 1 _aWiarda, Howard J.,
_eeditor
_92989
_d1939-
700 1 _aKline, Harvey F.,
_eeditor
942 _2ddc
_cLI
_h320.98
_iWIA